Para verte mejor : (Record no. 10346)
[ view plain ]
| 000 -LEADER | |
|---|---|
| campo de control de longitud fija | 03166cam a2200313 i 4500 |
| 001 - NÚMERO DE CONTROL | |
| campo de control | 114412 |
| 005 - FECHA Y HORA DE LA ÚLTIMA TRANSACCIÓN | |
| campo de control | 20230410101558.0 |
| 008 - DATOS DE LONGITUD FIJA--INFORMACIÓN GENERAL | |
| campo de control de longitud fija | 130603s2012 cu a 000 0 spa |
| 035 ## - NÚMERO DE CONTROL DEL SISTEMA | |
| Número de control de sistema | 17810673 |
| 010 ## - NÚMERO DE CONTROL DE LA BIBLIOTECA DEL CONGRESO | |
| Número de control de LC | 2013446478 |
| 020 ## - NÚMERO INTERNACIONAL ESTÁNDAR DEL LIBRO | |
| Número Internacional Estándar del Libro | 9789593041287 (pbk.) |
| 050 14 - SIGNATURA TOPOGRÁFICA DE LA BIBLIOTECA DEL CONGRESO | |
| Número de clasificación | 107 PN 1993.5 |
| Número de ítem | P221 2012 |
| 082 00 - NÚMERO DE LA CLASIFICACIÓN DECIMAL DEWEY | |
| Número de clasificación | 791.4397291 |
| 245 00 - MENCIÓN DEL TÍTULO | |
| Título | Para verte mejor : |
| Resto del título | pasajes del cine cubano en La Gaceta de Cuba / |
| Mención de responsabilidad, etc. | selección y prefacio de Norberto Codina ; prólogo de Arturo Sotto. |
| 264 ## - PRODUCCIÓN, PUBLICACIÓN, DISTRIBUCIÓN, FABRICACIÓN Y COPYRIGHT | |
| Producción, publicación, distribución, fabricación y copyright | Ciudad de La Habana, Cuba : |
| Nombre del de productor, editor, distribuidor, fabricante | Ediciones ICAIC, |
| Fecha de producción, publicación, distribución, fabricación o copyright | 2012 |
| 300 ## - DESCRIPCIÓN FÍSICA | |
| Extensión | 386 p. : |
| Otras características físicas | il. ; |
| Dimensiones | 21 cm |
| 500 ## - NOTA GENERAL | |
| Nota general | Interviews, chronicles, and essays published between 1993 and 2011 in La Gaceta de Cuba. |
| 505 0# - NOTA DE CONTENIDO CON FORMATO | |
| Nota de contenido con formato | Cine cubano entre dos siglos / Norberto Codina -- Prólogo para un libro sobre cine cubano / Arturo Sotto -- Tomás Gutiérrez Alea : entrevista filmada, entre Fresa y chocolate / Rebeca Chávez -- Otro cine, otro mundo, otra sociedad / Tomás Gutiérrez Alea -- El discípulo, la amistad : entrevista a Juan Carlos Tabío / Arturo Arango -- La actriz y el maestro : una conversación con Mirtha Ibarra / Mario Vizcaíno Serrat -- Santiago Álvarez : pensar con el corazón / Roberto Rodríguez Menéndez -- Manuel Pérez o el ejercicio de la memoria / Arturo Arango -- ¿Quién eres tú Sara Gómez? / Gerardo Fulleda León -- Nicolás Guillén Landrián : el iluminado y su sombra / Dean Luis Reyes -- Cine y compromiso : Humberto Solás, por un arte inconforme / Lucía López Coll -- Intuiciones de Fernando Pérez / Vivian Martínez Tabares -- Arturo Sotto : yo solo quiero saber / Ivette Leyva -- A dos pasos del kitsch : entrevista a Lester Hamlet / Miharu Miyasaka y Jacqueline Venet -- Jorge Luis Sánchez y el otro cine cubano / Darien Sánchez -- Horror de culto con estilo caribeño : una conversación en Yutong con Jorge Molina / Pedro R. Noa -- Tirarse de manos : entrevista con Luis Alberto García / Amado del Pino -- Viajes con regreso : conversación con Jorge Perugorría / Ana Rodríguez León y Luis Ernesto Flores -- Desnudo de Daisy Granados / Idania Machado -- Todo o nada : entrevista a Sergio Corrieri (fragmentos) / Waldo Leyva -- Miravalles / Elizabeth Mirabal -- Breve introducción al discurso audiovisual de la diáspora cubana / Juan Antonio García Borrero -- La identidad geográficamente indefinida / Miguel Coyula -- El cine como pasión / Humberto Arenal -- Memorias del subdesarrollo, dramaturgia y América Latina : conversación con Edmundo Desnoes, Javier Cencig, Iana Cossoy Paro, Thiago Mendonça y Moara Passoni -- Una papeleta amarilla para entrar al cine / Senel Paz -- Para verte mejor / Julio García Espinosa -- Soy Cuba / Enrique Pineda Barnet. |
| 650 #0 - PUNTO DE ACCESO ADICIONAL DE MATERIA--TÉRMINO DE MATERIA | |
| Término de materia o nombre geográfico como elemento de entrada | Motion pictures |
| Subdivisión geográfica | Cuba |
| Subdivisión general | History |
| Subdivisión cronológica | 20th century. |
| 650 #0 - PUNTO DE ACCESO ADICIONAL DE MATERIA--TÉRMINO DE MATERIA | |
| Término de materia o nombre geográfico como elemento de entrada | Motion pictures |
| Subdivisión geográfica | Cuba |
| Subdivisión general | History |
| Subdivisión cronológica | 21st century. |
| 650 #4 - PUNTO DE ACCESO ADICIONAL DE MATERIA--TÉRMINO DE MATERIA | |
| Término de materia o nombre geográfico como elemento de entrada | Primera Jornada de Catalogacion. |
| 650 #4 - PUNTO DE ACCESO ADICIONAL DE MATERIA--TÉRMINO DE MATERIA | |
| Término de materia o nombre geográfico como elemento de entrada | Cine |
| Subdivisión general | Historia y crítica |
| Subdivisión geográfica | Cuba. |
| 650 #4 - PUNTO DE ACCESO ADICIONAL DE MATERIA--TÉRMINO DE MATERIA | |
| Término de materia o nombre geográfico como elemento de entrada | Cine |
| Subdivisión general | Temas, motivos. |
| 650 #4 - PUNTO DE ACCESO ADICIONAL DE MATERIA--TÉRMINO DE MATERIA | |
| Término de materia o nombre geográfico como elemento de entrada | Cine cubano. |
| 650 #4 - PUNTO DE ACCESO ADICIONAL DE MATERIA--TÉRMINO DE MATERIA | |
| Término de materia o nombre geográfico como elemento de entrada | Cine |
| Subdivisión general | Historia |
| Subdivisión geográfica | Cuba. |
| 700 1# - ENTRADA AGREGADA--NOMBRE PERSONAL | |
| Nombre de persona | Codina, Norberto, |
| Fechas asociadas al nombre | 1951- |
| 730 0# - ASIENTO SECUNDARIO--TITULO UNIFORME | |
| Título uniforme | Gaceta de Cuba (Havana, Cuba : 1986) |
| 942 ## - ELEMENTOS DE ENTRADA SECUNDARIOS (KOHA) | |
| Fuente del sistema de clasificación o colocación | Clasificación de Library of Congress |
| Tipo de ítem Koha | |
| Estatus retirado | Estado de pérdida | Fuente del sistema de clasificación o colocación | Estado de daño | No para préstamo | Colección | Biblioteca de origen | Biblioteca actual | Ubicación en estantería | Fecha de adquisición | Serial enumeration / chronology | Signatura topográfica completa | Código de barras | Visto por última vez | Copia número | Tipo de ítem Koha |
|---|---|---|---|---|---|---|---|---|---|---|---|---|---|---|---|
| Clasificación de Library of Congress | Recursos Regionales | Biblioteca Juan Bosch | Biblioteca Juan Bosch | Recursos Regionales (2do. Piso) | 10/04/2023 | 1 | 107 PN 1993.5 P221 2012 | 00000107669 | 23/10/2018 | 1 |
